000 00833cpcaa2200241 4500
001 mm 81001142
003 DLC
005 20260227111705.0
008 810717|||||||||||| eng
010 _amm 81001142
040 _aDLC
_cDLC
_edacs
_dDLC
072 7 _aL
_2lcmd
100 1 _aBynner, Witter,
_d1881-1968.
245 0 0 _aWitter Bynner papers,
_f1919.
300 _a2
_fitems.
506 0 _aOpen to research.
545 0 _aAuthor, editor, and poet.
546 _aCollection material in English.
580 _aForms part of: Miscellaneous Manuscripts collection.
656 7 _aAuthors.
_2itoamc
999 _c42968
_d42968